01670njm a2200301Ia 4500001000600000003000900006005001700015008004100032040001300073040001300086041001300099100002300112100001800135100003800153245002500191250001100216260000900227260006900236300001700305300003000322500011400352505057300466511008901039650005301128700005601181700007001237700006101307G7120IT-RoPAU20220918181205.0131025s9999 xx 000 0 und d aIT-RoPAU cIT-RoPAU aITALIANO aButtazzo Francesco eAutore musica gCodice autore musica SPICS: 35727 aAlleluia è risorto a1a ed. aROMA bAUDIOVISIVI PAOLINEc2001 [1a Ed.:2000 - Ed. Lingua Orig.: 2000] aMUSICASSETTA c39 minuti (Testo: 0 pag.) aMusica religiosa, liturgica. 12 canti pasquali per la messa con i giovani. Vedere spartito (Cod. 9953 G7119). aAlleluia, è risorto il Signor (F. Baggio, 2:25) - Alleluia, Cristo è risorto (P. Auricchio, 3:01) - Io ti esalterò (F. Baggio, 3:30) - Non cercate tra i morti (F. Buttazzo, 3:55) - Arderanno sempre i nostri cuori (P. Auricchio, 4:02) - Cristo è vivo (M. Zambuto, 4:04) - Esultiamo in te, Gesù (F. Buttazzo, 3:15) - Sfolgora il sole di Pasqua (F. Buttazzo, 2:42) - Quello che abbiamo udito (F. Buttazzo-A.M. Galliano, 4:23) - E' risorto (M. Zambuto, 3:30) - Testimoni dell'amore (F. Buttazzo-A.M. Galliano, 3:07) - Ti lodino p popoli, Dio (F. Buttazzo, 2:52). aRaffaella D'Ubaldi, Danilo Defant, Fabio Baggio e Coro diretti da Francesco Buttazzo aLITURGICO [CASSETTE]eCodice MATERIA SPICS: 9951 aAuricchio PaoloeAutoregCodice autore SPICS: 35407 aGalliano AnnamariaeAutore testogCodice autore testo SPICS: 5671 aBaggio FabiogCodice interprete SPICS: 35728eInterprete